[Event "Detroit (MOR/3/110)"]
[Site "?"]
[Date "1992.??.??"]
[Round "?"]
[White "Zuniga, Jesus"]
[Black "Walker, Anthony"]
[Result "1/2-1/2"]
[WhiteElo "1605"]
[BlackElo "1605"]
[PlyCount "45"]
[EventDate "1992.??.??"]

{3/(110)} 1. e4 e6 2. d4 d5 3. e5 c5 4. Nc3 Nc6 5. Nf3 Qb6 6. Na4 Qc7 7. dxc5
Bxc5 8. Nxc5 Qa5+ 9. c3 Qxc5 10. Be3 Qa5 11. Qb3 Qc7 12. O-O-O Nge7 13. Re1
Nxe5 14. Bd4 Nxf3 15. gxf3 f6 16. Bh3 e5 17. Bxc8 exd4 18. Be6 dxc3 19. Qxc3
Qxc3+ 20. bxc3 Rd8 21. Re2 d4 22. Rd1 d3 23. Re3 1/2-1/2

[Event "Detroit (MI Action/2)"]
[Site "?"]
[Date "1992.??.??"]
[Round "?"]
[White "Zuniga, Jesus"]
[Black "Vaughn, Gerald"]
[Result "0-1"]
[WhiteElo "1605"]
[BlackElo "1605"]
[PlyCount "102"]
[EventDate "1992.??.??"]

1. e4 c5 2. Nf3 Nc6 3. d4 cxd4 4. Nxd4 Nf6 5. Nc3 e5 6. Nxc6 bxc6 7. Bg5 Be7 8.
Bc4 h6 9. Bxf6 Bxf6 10. Qf3 O-O 11. O-O d6 12. b3 Re8 13. Qh5 Re7 14. Nd5 cxd5
15. Bxd5 Rb8 16. Rfd1 Qc7 17. c4 Qc5 18. g3 a5 19. Rdb1 Bb7 20. b4 axb4 21. Qd1
Bxd5 22. Qxd5 Qd4 23. Qxd4 exd4 24. Rd1 d3 25. Rab1 Rxe4 26. Rxd3 Rxc4 27. Rxd6
Bc3 28. Rb3 Ra8 29. Kf1 Rxa2 30. Kg2 Rb2 31. Rxb2 Bxb2 32. Rb6 Bd4 33. Rb5 Bc3
34. Kf3 Rd4 35. Ke3 Rd2 36. f4 Rxh2 37. Kd3 Rh3 38. Kc4 Rxg3 39. f5 h5 40. Kb3
h4 41. f6 gxf6 42. Rh5 Kg7 43. Rxh4 Be1+ 44. Kb2 Rg2+ 45. Kb3 Bxh4 46. Kxb4 Rd2
47. Kc3 Rd8 48. Kc4 f5 49. Kc5 f4 50. Kc6 f3 51. Kc7 f2 0-1

[Event "Detroit (MOR/2/110)"]
[Site "?"]
[Date "1992.??.??"]
[Round "?"]
[White "Zuniga, Jesus"]
[Black "Motley, Gerald"]
[Result "0-1"]
[WhiteElo "1605"]
[BlackElo "1605"]
[PlyCount "48"]
[EventDate "1992.??.??"]

{2/(110)} 1. e4 e5 2. d4 exd4 3. Qxd4 Nc6 4. Qd1 Bc5 5. Nf3 d6 6. Bc4 Nf6 7.
Nc3 O-O 8. Ng5 Ng4 9. O-O Nge5 10. Bb5 Bg4 11. Ne2 h6 12. h3 Bxe2 13. Qxe2 hxg5
14. Qh5 f6 15. h4 gxh4 16. Qxh4 Nd4 17. c4 Nxb5 18. cxb5 Qe8 19. Qg3 Qg6 20.
Qxg6 Nxg6 21. Re1 Kf7 22. a3 Rh8 23. Kf1 Ne5 24. Re2 Rh1# 0-1

[Event "Flint (Class A/2)"]
[Site "?"]
[Date "1992.??.??"]
[Round "?"]
[White "Zacks, Naum"]
[Black "Smalec, John"]
[Result "0-1"]
[WhiteElo "1840"]
[BlackElo "1815"]
[PlyCount "82"]
[EventDate "1992.??.??"]

1. d4 Nf6 2. Nc3 d5 3. e4 dxe4 4. f3 exf3 5. Nxf3 e6 6. Bd3 Nc6 7. O-O Bd6 8.
Be3 b6 9. Nb5 Bb7 10. Ng5 Qd7 11. Nxd6+ cxd6 12. c3 h6 13. Ne4 Nxe4 14. Bxe4
Ne7 15. Qf3 Bxe4 16. Qxe4 O-O 17. h4 Qc6 18. Qg4 Nf5 19. Bf4 Rac8 20. Rae1 Qb5
21. Rf2 Qa4 22. a3 Qc4 23. g3 Qd3 24. Rd2 Qc4 25. Rf2 Qd3 26. Rfe2 Rfe8 27. Rd2
Qc4 28. Qh3 Qd5 29. g4 Ne7 30. Qg3 Ng6 31. Bxd6 Nxh4 32. Rf2 Ng6 33. Be5 Nxe5
34. dxe5 Red8 35. Ref1 Rc7 36. g5 hxg5 37. Rh2 Qc5+ 38. Rff2 Rd1+ 39. Kg2 Qd5+
40. Kh3 Rc4 41. Qxg5 Rd3+ 0-1

[Event "Lansing (Aug)"]
[Site "?"]
[Date "1992.??.??"]
[Round "?"]
[White "Zacks, Naum"]
[Black "Garrison, Ray"]
[Result "0-1"]
[WhiteElo "1800"]
[BlackElo "1895"]
[PlyCount "22"]
[EventDate "1992.??.??"]

1. e4 c5 2. Nc3 e6 3. Nf3 d5 4. d4 Nf6 5. Bg5 Be7 6. e5 Nfd7 7. Nb5 Bxg5 8.
Nd6+ Kf8 9. Nxg5 Qxg5 10. Nxc8 cxd4 11. Qxd4 Nc6 0-1

[Event "Detroit (Pan Am/6)"]
[Site "?"]
[Date "1992.??.??"]
[Round "?"]
[White "Youngs, H."]
[Black "McCarter, Robert"]
[Result "0-1"]
[WhiteElo "1605"]
[BlackElo "1700"]
[PlyCount "24"]
[EventDate "1992.??.??"]

1. e4 c5 2. Nf3 Nc6 3. d4 cxd4 4. Nxd4 e5 5. Nf5 d5 6. f3 Be6 7. Bb5 Qa5+ 8.
Nc3 d4 9. Bxc6+ bxc6 10. Nxd4 exd4 11. Bd2 dxc3 12. Bxc3 Bb4 0-1

[Event "Detroit (Pan Am/1)"]
[Site "?"]
[Date "1992.??.??"]
[Round "?"]
[White "Youngs, H."]
[Black "Falkowski, Kenneth"]
[Result "1/2-1/2"]
[WhiteElo "1605"]
[BlackElo "1700"]
[PlyCount "129"]
[EventDate "1992.??.??"]

1. e4 d6 2. d4 c6 3. c4 Nf6 4. Nc3 Bg4 5. f3 Bh5 6. Bd3 Nbd7 7. Nge2 e5 8. d5
c5 9. O-O Bg6 10. Ng3 Nh5 11. Nce2 Be7 12. Rb1 Nxg3 13. Nxg3 O-O 14. Bc2 Nb6
15. b3 Qc8 16. f4 exf4 17. Bxf4 Nd7 18. Nf5 Bxf5 19. exf5 f6 20. Rf3 Ne5 21.
Rg3 Kh8 22. Qh5 Qe8 23. Qh3 Nf7 24. Bd1 Ng5 25. Qg4 h5 26. Qxh5+ Qxh5 27. Bxh5
Rfe8 28. Bxe8 Rxe8 29. Re1 Nf7 30. Kf2 Ne5 31. Ree3 Bf8 32. h4 Kg8 33. h5 Kf7
34. Bxe5 fxe5 35. Re4 Be7 36. Rg6 Bf6 37. Kf3 Rh8 38. g4 a5 39. g5 Be7 40. Rh4
Bf8 41. Ke4 Be7 42. f6 gxf6 43. gxf6 Bf8 44. Kf5 Bh6 45. Rhg4 Bf8 46. Rh4 Bh6
47. a3 b6 48. Rhg4 Bf8 49. Kg5 Rh7 50. h6 Rh8 51. Rh4 Ke8 52. Kf5 Kf7 53. h7 e4
54. Rxe4 Rxh7 55. Re6 Rh3 56. Rg7+ Bxg7 57. fxg7 Kxg7 58. Rxd6 Rxb3 59. Re6 Kf7
60. d6 Rf3+ 61. Ke4 Kxe6 62. Kxf3 Kxd6 63. Ke4 Kc6 64. a4 Kd6 65. Kf4 1/2-1/2

[Event "Detroit (Pan Am/3)"]
[Site "?"]
[Date "1992.??.??"]
[Round "?"]
[White "Youngs, H."]
[Black "Bonasera, J."]
[Result "1-0"]
[WhiteElo "1605"]
[BlackElo "1605"]
[PlyCount "67"]
[EventDate "1992.??.??"]

1. e4 Nf6 2. e5 Nd5 3. d4 d6 4. f4 Nc6 5. Nf3 Bg4 6. Bc4 Nb6 7. Bb3 e6 8. Nc3
Bxf3 9. gxf3 Na5 10. Be3 Nxb3 11. axb3 d5 12. Ne2 Bb4+ 13. c3 Be7 14. Ng3 Bh4
15. Kd2 a6 16. Qc2 g6 17. f5 Bg5 18. f6 Bxe3+ 19. Kxe3 Qd7 20. h4 h5 21. Ne2
O-O-O 22. Ra5 Qe8 23. Nc1 Na8 24. Nd3 Nb6 25. c4 Qc6 26. Nb4 Qe8 27. c5 Na8 28.
c6 Qf8 29. cxb7+ Kxb7 30. Qc6+ Kc8 31. Qxa8+ Kd7 32. Qc6+ Kc8 33. Qxa6+ Kd7 34.
Qc6+ 1-0

[Event "Detroit (MI Op/6/20)"]
[Site "?"]
[Date "1992.??.??"]
[Round "?"]
[White "Yahkind, Alex"]
[Black "Paldan, G."]
[Result "1-0"]
[WhiteElo "2015"]
[BlackElo "1810"]
[PlyCount "81"]
[EventDate "1992.??.??"]

{6/(20)} 1. e4 c5 2. Nf3 a6 3. d4 cxd4 4. c3 dxc3 5. Nxc3 d6 6. Bc4 e6 7. O-O
Qc7 8. Bb3 Nf6 9. Bf4 e5 10. Bg5 Be7 11. Rc1 Qd8 12. Bxf6 Bxf6 13. Nd5 Nc6 14.
Ba4 Bd7 15. Ne3 Ne7 16. Bb3 Bb5 17. Re1 O-O 18. Ng4 Ng6 19. Bd5 Rb8 20. Nxf6+
gxf6 21. Re3 Bd7 22. Bb3 Bc6 23. Ne1 Kg7 24. Qh5 Qe7 25. Rh3 Rh8 26. Qh6+ Kg8
27. Re3 Qf8 28. Qh3 Kg7 29. Qg3 Qe7 30. h4 h5 31. Nc2 Bd7 32. Rf3 Bg4 33. Ne3
Kf8 34. Nd5 Qd8 35. Rxf6 Rg8 36. Rc7 Rg7 37. Qc3 Be6 38. Rxe6 fxe6 39. Qf3+ Nf4
40. Nxf4 Qxc7 41. Nxe6+ 1-0

[Event "Detroit (MI Op/5/19)"]
[Site "?"]
[Date "1992.??.??"]
[Round "?"]
[White "Yahkind, Alex"]
[Black "Mailing, Ian"]
[Result "0-1"]
[WhiteElo "2015"]
[BlackElo "1660"]
[PlyCount "64"]
[EventDate "1992.??.??"]

{5/(19)} 1. e4 d6 2. d4 Nf6 3. Nc3 g6 4. f4 Bg7 5. Nf3 O-O 6. Be2 c6 7. O-O Qb6
8. Kh1 Nbd7 9. e5 dxe5 10. dxe5 Ng4 11. Nd4 Nh6 12. Rb1 Rd8 13. Na4 Qa5 14. c4
Nb6 15. Nc3 Bf5 16. b4 Qa6 17. c5 Nc4 18. Rb3 b5 19. cxb6 Qxb6 20. Bxc4 Rxd4
21. Qe2 Bg4 22. Rf3 Bxf3 23. gxf3 Nf5 24. Na4 Qd8 25. Rd3 e6 26. Bb2 Qh4 27.
Rxd4 Ng3+ 28. Kg2 Nxe2 29. Bxe2 Bh6 30. Nc3 Bxf4 31. Re4 Qxh2+ 32. Kf1 Bg3 0-1

[Event "Detroit (MI Op/2/27)"]
[Site "?"]
[Date "1992.??.??"]
[Round "?"]
[White "Yahkind, Alex"]
[Black "James, T."]
[Result "1-0"]
[WhiteElo "2015"]
[BlackElo "1775"]
[PlyCount "39"]
[EventDate "1992.??.??"]

{2/(27)} 1. e4 c5 2. Nf3 Nc6 3. d4 cxd4 4. Nxd4 Nf6 5. Nc3 e5 6. Ndb5 d6 7. Bg5
a6 8. Bxf6 gxf6 9. Na3 Be7 10. Nc4 f5 11. Bd3 fxe4 12. Bxe4 Be6 13. Ne3 Rg8 14.
Nf5 Bxf5 15. Bxf5 Nd4 16. Be4 f5 17. Qh5+ Kf8 18. Bd5 Nxc2+ 19. Kd1 Ne3+ 20.
fxe3 1-0

[Event "Detroit (MOR/1a/36)"]
[Site "?"]
[Date "1992.??.??"]
[Round "?"]
[White "Wysocki, Marc"]
[Black "Vaughn, Gerald"]
[Result "1-0"]
[WhiteElo "1750"]
[BlackElo "1605"]
[PlyCount "53"]
[EventDate "1992.??.??"]

1. e4 e5 2. Bc4 Nf6 3. d4 exd4 4. Nf3 Bb4+ 5. c3 dxc3 6. Bxf7+ Kf8 7. bxc3 Bc5
8. Bc4 Nxe4 9. Qd5 Qe7 10. O-O c6 11. Qf5+ Nf6 12. Re1 d5 13. Qxc8+ Kf7 14.
Rxe7+ Kxe7 15. Qxh8 dxc4 16. Qxg7+ Ke6 17. Ng5+ Kf5 18. g4+ Ke5 19. Nxh7 Nbd7
20. Qg5+ Ke6 21. Nxf6 Bxf2+ 22. Kxf2 Nxf6 23. Qf5+ Kf7 24. Bg5 Rf8 25. Qxf6+
Kg8 26. Qxf8+ Kxf8 27. h4 1-0

[Event "Detroit (MOR/7/74)"]
[Site "?"]
[Date "1992.??.??"]
[Round "?"]
[White "Wysocki, Marc"]
[Black "Shelters, Richard"]
[Result "1-0"]
[WhiteElo "1750"]
[BlackElo "1605"]
[PlyCount "69"]
[EventDate "1992.??.??"]

{7/(74)} 1. e4 e5 2. Bc4 Nf6 3. d4 Nc6 4. Nf3 d6 5. dxe5 Nxe4 6. Qd5 Be6 7.
Qxe4 Bxc4 8. Qxc4 d5 9. Qb5 Rb8 10. Nc3 a6 11. Qxd5 Qe7 12. O-O Nb4 13. Qe4 Qe6
14. Ng5 Qg6 15. Bd2 Nxc2 16. Rac1 Nb4 17. a3 Qxe4 18. Ncxe4 Nd3 19. Rxc7 Nxe5
20. Bf4 f6 21. Ne6 Rg8 22. Rd1 Be7 23. Bxe5 fxe5 24. Rdd7 Kf7 25. Rxe7+ Kg6 26.
Ng3 Rbc8 27. Rxb7 Rc1+ 28. Nf1 Kf5 29. Nxg7+ Kf6 30. Re6+ Kg5 31. Rxe5+ Kf6 32.
Re6+ Kg5 33. Rxa6 Rgc8 34. Rb5+ R8c5 35. Ne6+ 1-0

[Event "Detroit (MOR/3/72)"]
[Site "?"]
[Date "1992.??.??"]
[Round "?"]
[White "Wysocki, Marc"]
[Black "Edwards, D."]
[Result "1-0"]
[WhiteElo "1750"]
[BlackElo "1605"]
[PlyCount "89"]
[EventDate "1992.??.??"]

{3/(72)} 1. e4 e5 2. Bc4 Nc6 3. f4 Nf6 4. d3 Bc5 5. Nf3 exf4 6. Bxf4 d5 7. Bxd5
Nxd5 8. exd5 Qxd5 9. Nc3 Qe6+ 10. Qe2 Qxe2+ 11. Nxe2 Bf5 12. Bxc7 O-O 13. O-O-O
Rfe8 14. Ng3 Bd7 15. Bf4 Nb4 16. c3 Nxa2+ 17. Kb1 Be6 18. d4 Bb3 19. dxc5 Nxc3+
20. bxc3 Bxd1 21. Rxd1 a5 22. Bc7 a4 23. Rd2 a3 24. Ka2 h6 25. Ne2 Re7 26. Bb6
Re6 27. Nf4 Re4 28. Nd5 Rg4 29. Nc7 Raa4 30. h3 Rge4 31. Nd4 Re3 32. Ncb5 Kh7
33. Nc2 Rg3 34. Ncxa3 Ra8 35. Kb3 Re3 36. c6 bxc6 37. Bxe3 cxb5 38. Nxb5 f5 39.
c4 g5 40. c5 f4 41. Bf2 h5 42. c6 Rb8 43. Kc4 Kg7 44. c7 Rc8 45. Rd8 1-0

[Event "Detroit (MOR/5/61)"]
[Site "?"]
[Date "1992.??.??"]
[Round "?"]
[White "Wysocki, Marc"]
[Black "Cook, P."]
[Result "0-1"]
[WhiteElo "1750"]
[BlackElo "1650"]
[PlyCount "136"]
[EventDate "1992.??.??"]

{5/(61)} 1. e4 c5 2. Nc3 d6 3. f4 a6 4. Nf3 Bg4 5. h3 Bxf3 6. Qxf3 Nc6 7. d3
Nd4 8. Qf2 e5 9. Be3 Nf6 10. O-O-O Be7 11. fxe5 dxe5 12. Ne2 Qa5 13. Kb1 b5 14.
Nxd4 cxd4 15. Bd2 Qc7 16. g4 a5 17. c3 Bc5 18. Qg3 b4 19. c4 a4 20. Bg2 a3 21.
b3 O-O-O 22. Rhf1 h6 23. Rxf6 gxf6 24. Rf1 Be7 25. Rf5 Qc5 26. Be1 Rdg8 27. Qf3
Rg5 28. Bh4 Rxf5 29. Qxf5+ Kc7 30. Bxf6 Bxf6 31. Qxf6 Rh7 32. Bf3 Qd6 33. Qf5
Rg7 34. h4 Qe6 35. Qh5 Kd6 36. Kc2 Qg6 37. c5+ Ke6 38. Qf5+ Qxf5 39. exf5+ Kd7
40. Kd2 f6 41. h5 Rg8 42. Ke2 Rc8 43. c6+ Kc7 44. Be4 Ra8 45. Kf3 Ra5 46. Ke2
Rc5 47. Kd2 Rc3 48. Bd5 Kd6 49. Bc4 Kxc6 50. g5 fxg5 51. f6 Kd6 52. f7 Ke7 53.
Bd5 g4 54. Be6 g3 55. Bd5 g2 56. Bxg2 Rxb3 57. Bd5 Rb2+ 58. Kc1 Rh2 59. Bc4
Rxh5 60. Kc2 Rh2+ 61. Kb3 Rb2+ 62. Ka4 h5 63. Bd5 h4 64. Be6 h3 65. Bxh3 Kxf7
66. Bf5 Kf6 67. Be4 Kg5 68. Kb5 b3 0-1

[Event "Lansing (Aug)"]
[Site "?"]
[Date "1992.??.??"]
[Round "?"]
[White "Wysocki, Marc"]
[Black "Arganian, David H"]
[Result "1-0"]
[WhiteElo "1750"]
[BlackElo "1820"]
[PlyCount "75"]
[EventDate "1992.??.??"]

1. e4 e5 2. Bc4 Nf6 3. d4 exd4 4. Nf3 Nc6 5. O-O Nxe4 6. Re1 d5 7. Nc3 dxc4 8.
Rxe4+ Be6 9. Nxd4 Bd6 10. Nxe6 fxe6 11. Rxe6+ Ne7 12. Bg5 O-O 13. Qe2 Rf7 14.
Rd1 h6 15. Bxe7 Rxe7 16. Rdxd6 Rd7 17. Rxd7 Qxd7 18. Qxc4 Kh8 19. Re1 c6 20.
Qe6 Qd4 21. Qe3 Qb4 22. b3 Rf8 23. Nb1 Qa5 24. a4 b5 25. Qc3 b4 26. Qxc6 Qf5
27. Rf1 Rc8 28. Qb7 Rxc2 29. Qxb4 a5 30. Qd4 Qg5 31. Rd1 Rc1 32. h4 Rxd1+ 33.
Qxd1 Qxh4 34. Nc3 h5 35. Qf3 Qb4 36. Qxh5+ Kg8 37. Qe8+ Kh7 38. Qe4+ 1-0

[Event "Detroit (MI Op/1a/5)"]
[Site "?"]
[Date "1992.??.??"]
[Round "?"]
[White "Wydryck, Robert"]
[Black "Strugach, L."]
[Result "0-1"]
[WhiteElo "1945"]
[BlackElo "2400"]
[PlyCount "76"]
[EventDate "1992.??.??"]

1. e4 c5 2. Nf3 Nc6 3. Nc3 g6 4. Bc4 Bg7 5. O-O e6 6. Re1 d6 7. d3 Nge7 8. Bg5
h6 9. Be3 O-O 10. Qd2 d5 11. exd5 exd5 12. Nxd5 Nxd5 13. Bxc5 Nde7 14. Qf4 g5
15. Qe4 Bf5 16. Bxe7 Bxe4 17. Bxd8 Bxf3 18. Bxg5 hxg5 19. gxf3 Bxb2 20. Rab1
Bc3 21. Re4 Ne5 22. Rxb7 Rab8 23. Rxa7 Rb1+ 24. Kg2 Ng6 25. f4 Nxf4+ 26. Kf3
Ng6 27. d4 Rd1 28. Ke3 Kg7 29. a4 Bxd4+ 30. Rxd4 Re8+ 31. Re4 Re1+ 32. Kd3
R8xe4 33. Rxf7+ Kh6 34. Rf6 Rf4 35. Rb6 Kg7 36. Rb7+ Re7 37. Rb4 Ne5+ 38. Kc3
Rc7 0-1

[Event "Flint (Class A/1)"]
[Site "?"]
[Date "1992.??.??"]
[Round "?"]
[White "Wydryck, Robert"]
[Black "Spooner, Frank"]
[Result "1-0"]
[WhiteElo "1970"]
[BlackElo "1875"]
[PlyCount "111"]
[EventDate "1992.??.??"]

1. e4 c6 2. d4 d5 3. exd5 cxd5 4. c4 Nf6 5. Nc3 e6 6. a3 Be7 7. Nf3 O-O 8. c5
Nc6 9. b4 e5 10. dxe5 Ng4 11. Bb2 Ngxe5 12. Nxe5 Nxe5 13. Nxd5 Bf6 14. Nxf6+
Qxf6 15. Qd4 Bg4 16. Bb5 a6 17. Qxe5 Qxe5+ 18. Bxe5 axb5 19. O-O Rfe8 20. Rfe1
Re6 21. f3 Rae8 22. fxg4 Rxe5 23. Rxe5 Rxe5 24. Rd1 Kf8 25. Rd8+ Re8 26. Rxe8+
Kxe8 27. Kf2 Kd7 28. Ke3 h6 29. Kd4 Kd8 30. Ke5 Ke7 31. h4 Kd7 32. g3 Ke7 33.
Kf5 g6+ 34. Ke5 f6+ 35. Kd5 Kd7 36. Kd4 Kd8 37. Kc3 Ke7 38. Kb3 Ke6 39. a4
bxa4+ 40. Kxa4 Kd5 41. Kb5 Ke4 42. c6 bxc6+ 43. Kxc6 Kf3 44. g5 hxg5 45. hxg5
fxg5 46. b5 g4 47. b6 Kxg3 48. b7 Kh2 49. b8=Q+ g3 50. Kd5 g5 51. Ke4 g4 52.
Kf4 g2 53. Kxg4+ Kh1 54. Qh8+ Kg1 55. Kg3 Kf1 56. Qh3 1-0

[Event "Detroit (MI Op/5/29)"]
[Site "?"]
[Date "1992.??.??"]
[Round "?"]
[White "Wydryck, Robert"]
[Black "Sorensen, D."]
[Result "1-0"]
[WhiteElo "1945"]
[BlackElo "1675"]
[PlyCount "107"]
[EventDate "1992.??.??"]

{5/(29)} 1. e4 c6 2. d4 d5 3. exd5 cxd5 4. c4 Nf6 5. Nc3 Nc6 6. cxd5 Nxd5 7.
Bb5 e6 8. Nf3 Be7 9. Ne5 Bd7 10. Nxd7 Qxd7 11. Qg4 Nf6 12. Qf3 O-O 13. O-O Rfd8
14. Bxc6 Qxc6 15. Qxc6 bxc6 16. Be3 Nd5 17. Nxd5 Rxd5 18. Rfc1 Bf6 19. Rxc6
Bxd4 20. Bxd4 Rxd4 21. Rac1 g6 22. g3 Rd2 23. R1c2 Rxc2 24. Rxc2 Rb8 25. b3 Rb7
26. Kf1 Kg7 27. Ke2 Rd7 28. Rc3 Kf6 29. Ke3 Ke5 30. Rc5+ Kf6 31. b4 Ke7 32. a4
Rb7 33. b5 Kd6 34. Kd4 Rb6 35. g4 f6 36. a5 Rb7 37. Rc6+ Kd7 38. Kc5 Ke7 39. b6
axb6+ 40. axb6 Kd7 41. Rd6+ Ke7 42. Rd2 Rb8 43. Kc6 Rc8+ 44. Kb7 Rc1 45. Kb8
Rb1 46. b7 Rb3 47. Rc2 Kd8 48. Rc8+ Kd7 49. Rc7+ Kd8 50. Rxh7 Rf3 51. Ka7 Ra3+
52. Kb6 Rb3+ 53. Kc6 Rc3+ 54. Kd6 1-0

[Event "Flint (Class A/3)"]
[Site "?"]
[Date "1992.??.??"]
[Round "?"]
[White "Wydryck, Robert"]
[Black "Morris, Jewell"]
[Result "1-0"]
[WhiteElo "1970"]
[BlackElo "1950"]
[PlyCount "111"]
[EventDate "1992.??.??"]

1. e4 Nc6 2. Nf3 e5 3. Bb5 Bc5 4. O-O Nge7 5. Nxe5 Nxe5 6. d4 Bb6 7. dxe5 O-O
8. Bg5 Qe8 9. Nc3 Ng6 10. Kh1 h6 11. Bd2 Qxe5 12. f4 Qd4 13. f5 Ne5 14. f6 d6
15. fxg7 Kxg7 16. h3 Kh7 17. Nd5 f5 18. Qe1 Be6 19. Nf4 Bc4 20. Bxc4 Nxc4 21.
Bc3 Qxe4 22. Qh4 Ne5 23. Rae1 Qc4 24. Bxe5 dxe5 25. Qe7+ Qf7 26. Rxe5 Qxe7 27.
Rxe7+ Kg8 28. Rf3 Rf7 29. Rg3+ Kf8 30. Ng6+ Kg7 31. Ne5+ Kf6 32. Rxf7+ Kxe5 33.
Rh7 Rd8 34. Rd3 Re8 35. Rxh6 Kf4 36. Kh2 Re1 37. Rh4+ Kg5 38. Rc4 Rf1 39. Rf3
Rd1 40. h4+ Kf6 41. g4 Bd4 42. Rxf5+ Kg6 43. Rxc7 Bxb2 44. c4 Rd4 45. Rg5+ Kf6
46. Rxb7 Bc1 47. Rf5+ Kg6 48. Kg3 Rxc4 49. Rxa7 Rc3+ 50. Rf3 Rc6 51. Rb3 Rf6
52. Rf3 Re6 53. a4 Re1 54. h5+ Kg5 55. Rf5+ Kh6 56. Rf6+ 1-0

[Event "Flint (Class A/4)"]
[Site "?"]
[Date "1992.??.??"]
[Round "?"]
[White "Wydryck, Robert"]
[Black "Ghiata, Gheorghe"]
[Result "1/2-1/2"]
[WhiteElo "1970"]
[BlackElo "1945"]
[PlyCount "91"]
[EventDate "1992.??.??"]

1. e4 e5 2. Nf3 Nf6 3. Nxe5 d6 4. Nf3 Nxe4 5. d4 d5 6. Bd3 Bd6 7. O-O O-O 8. h3
Nd7 9. c4 c6 10. Qc2 Ndf6 11. Nc3 Be6 12. cxd5 cxd5 13. Ng5 Nxg5 14. Bxg5 h6
15. Bd2 Nh5 16. f4 Qf6 17. Ne2 Rac8 18. Qb3 Bf5 19. g4 Ng3 20. gxf5 Nxf1 21.
Rxf1 Rce8 22. Qxd5 Rd8 23. Qf3 b5 24. a3 Bc7 25. Bc3 a6 26. Kh1 Bb6 27. d5 Qd6
28. Be4 f6 29. Nd4 Bxd4 30. Bxd4 a5 31. Rg1 Rc8 32. Qg3 Rf7 33. Be5 Qd7 34. d6
Kf8 35. Bc3 Qxd6 36. Bxa5 Qd4 37. Bb4+ Kg8 38. Qd3 Rd7 39. Qxd4 Rxd4 40. Re1
Rcc4 41. Bb1 Kh7 42. Ba2 Rc2 43. Bf7 h5 44. Rg1 Rd3 45. Rg2 Rxh3+ 46. Kg1
1/2-1/2

[Event "Detroit (MI Op/3/21)"]
[Site "?"]
[Date "1992.??.??"]
[Round "?"]
[White "Wydryck, Robert"]
[Black "Finegold, Mark"]
[Result "0-1"]
[WhiteElo "1945"]
[BlackElo "2235"]
[PlyCount "84"]
[EventDate "1992.??.??"]

{3/(21)} 1. e4 c5 2. Nf3 Nc6 3. Nc3 Nf6 4. Bc4 e6 5. e5 Ng4 6. Qe2 Qc7 7. Nb5
Qb8 8. d4 a6 9. Nd6+ Bxd6 10. exd6 Qxd6 11. dxc5 Qxc5 12. O-O O-O 13. h3 Nge5
14. Bb3 Nxf3+ 15. Qxf3 Nd4 16. Qe3 Nxb3 17. Qxb3 d5 18. Re1 b5 19. Re3 Bd7 20.
Rg3 Kh8 21. Rxg7 Kxg7 22. Qg3+ Kh8 23. Bh6 Qd4 24. Bxf8 Rxf8 25. Qd6 Rg8 26.
Qxd7 Qxb2 27. Re1 Qxc2 28. Re3 Qc1+ 29. Kh2 Qf1 30. Rg3 Rxg3 31. fxg3 Kg7 32.
Qa7 Qc4 33. Qxa6 d4 34. Qa5 d3 35. Qd2 f6 36. h4 Qd4 37. Kh3 e5 38. g4 e4 39.
g5 e3 40. gxf6+ Kxf6 41. Qc1 d2 42. Qc8 d1=Q 0-1

[Event "Detroit (MI Op/6/18)"]
[Site "?"]
[Date "1992.??.??"]
[Round "?"]
[White "Wydryck, Robert"]
[Black "Chehayeb, Sal"]
[Result "0-1"]
[WhiteElo "1945"]
[BlackElo "2070"]
[PlyCount "76"]
[EventDate "1992.??.??"]

{6/(18)} 1. e4 c5 2. Nf3 d6 3. d4 cxd4 4. Nxd4 Nf6 5. Nc3 g6 6. Be3 Bg7 7. f3
O-O 8. Qd2 Nc6 9. O-O-O Bd7 10. g4 b5 11. Ndxb5 Qa5 12. Bh6 Bh8 13. Bxf8 Rxf8
14. Qe3 Rb8 15. e5 Nxe5 16. Qxa7 Qxa7 17. Nxa7 Nxf3 18. h3 Ne4 19. Nab5 Nf2 20.
Be2 Nxh1 21. Rxh1 Nd4 22. Nxd4 Bxd4 23. Nd1 Bc6 24. Re1 Be5 25. Bf1 Bf3 26. c3
e6 27. Kc2 Kg7 28. b4 Ra8 29. Kb2 Rc8 30. Rxe5 dxe5 31. Ne3 f5 32. g5 f4 33.
Ng4 Bxg4 34. hxg4 e4 35. Kc2 Rd8 36. b5 f3 37. b6 e3 38. Bd3 e2 0-1

[Event "Detroit (MOR/1b/58)"]
[Site "?"]
[Date "1992.??.??"]
[Round "?"]
[White "Wright, Walter"]
[Black "Smith, K."]
[Result "1-0"]
[WhiteElo "1605"]
[BlackElo "1605"]
[PlyCount "47"]
[EventDate "1992.??.??"]

1. e4 e5 2. Nf3 Nc6 3. Bb5 Nd4 4. Bc4 c6 5. Nxe5 d5 6. exd5 cxd5 7. Be2 Qf6 8.
Nf3 Bc5 9. O-O Qg6 10. Nxd4 Bxd4 11. Re1 Be6 12. c3 Bh3 13. Bh5+ Ne7 14. Bxg6
fxg6 15. cxd4 Bf5 16. Qe2 O-O 17. Qxe7 Kh8 18. Qxb7 h6 19. Re7 Rg8 20. d3 Rae8
21. Nc3 Bxd3 22. Bxh6 Rxe7 23. Qxe7 g5 24. Bxg5 1-0

[Event "Detroit (MOR/5/60)"]
[Site "?"]
[Date "1992.??.??"]
[Round "?"]
[White "Wright, Walter"]
[Black "Ridella, Dennis"]
[Result "0-1"]
[WhiteElo "1605"]
[BlackElo "1755"]
[PlyCount "66"]
[EventDate "1992.??.??"]

{5/(60)} 1. d4 Nf6 2. Nf3 e6 3. e3 b6 4. Bd3 Bb7 5. Nbd2 Be7 6. c3 h6 7. O-O d6
8. e4 Nbd7 9. Re1 e5 10. h3 O-O 11. Nh2 c6 12. Re3 d5 13. Rg3 exd4 14. cxd4
dxe4 15. Nxe4 Nxe4 16. Bxe4 Nf6 17. Bc2 Bd6 18. Rf3 c5 19. Rxf6 Qxf6 20. dxc5
Bxc5 21. Ng4 Qd4 22. Be3 Qxd1+ 23. Rxd1 Bxe3 24. Nxe3 Rfd8 25. Rxd8+ Rxd8 26.
b4 Ba6 27. a4 Bd3 28. Bb3 Be4 29. f3 Bxf3 30. gxf3 Rd3 31. Bd5 Rxe3 32. Kf2 Ra3
33. Bc6 Rb3 0-1

[Event "Detroit (MOR/7/82)"]
[Site "?"]
[Date "1992.??.??"]
[Round "?"]
[White "Wright, Walter"]
[Black "Kane, Paul"]
[Result "1-0"]
[WhiteElo "1605"]
[BlackElo "1605"]
[PlyCount "103"]
[EventDate "1992.??.??"]

{7/(82)} 1. d4 d5 2. Nf3 Nf6 3. e3 Bf5 4. Bd3 Bxd3 5. Qxd3 e6 6. Nbd2 c5 7. c3
c4 8. Qc2 Bd6 9. h3 O-O 10. O-O Nc6 11. e4 e5 12. exd5 Nxd5 13. dxe5 Nxe5 14.
Nxe5 Bxe5 15. Nxc4 Re8 16. Nxe5 Rxe5 17. Bd2 Qd7 18. Rfe1 Rae8 19. Rxe5 Rxe5
20. Re1 Rxe1+ 21. Bxe1 Nf4 22. Qe4 Nd3 23. b3 Nxe1 24. Qxe1 g6 25. c4 b6 26.
Qe2 f5 27. b4 Kf7 28. c5 b5 29. a3 a6 30. Qe3 Qd1+ 31. Kh2 Qd7 32. Qf3 Qc7+ 33.
Qg3 f4 34. Qf3 g5 35. g3 Kg6 36. Qe4+ Kh5 37. Qe8+ Kh6 38. Qf8+ Kh5 39. g4+ Kg6
40. Qf5+ Kg7 41. Qxg5+ Kf8 42. Qf6+ Kg8 43. Qd6 Qf7 44. c6 Qa2 45. Qxf4 h5 46.
c7 Qe6 47. gxh5 Kh7 48. Qg3 a5 49. Qg6+ Qxg6 50. hxg6+ Kxg6 51. bxa5 Kf5 52.
c8=Q+ 1-0

[Event "Detroit (MOR/3/88)"]
[Site "?"]
[Date "1992.??.??"]
[Round "?"]
[White "Wright, Walter"]
[Black "Aydar, A."]
[Result "1-0"]
[WhiteElo "1605"]
[BlackElo "1605"]
[PlyCount "41"]
[EventDate "1992.??.??"]

{3/(88)} 1. d4 Nf6 2. Nf3 d5 3. e3 e6 4. Bd3 c5 5. dxc5 Bxc5 6. Nbd2 Nc6 7. Nb3
Bb6 8. O-O O-O 9. Nbd4 Nxd4 10. exd4 Qd6 11. c3 Bc7 12. Ne5 Nd7 13. f4 Nxe5 14.
fxe5 Qb6 15. Qg4 Bxe5 16. Bxh7+ Kxh7 17. Qh5+ Kg8 18. Qxe5 Bd7 19. Rf3 Rfc8 20.
Rg3 f6 21. Qxf6 1-0

[Event "Lansing (Aug)"]
[Site "?"]
[Date "1992.??.??"]
[Round "?"]
[White "Wright, Ken"]
[Black "Smeckert, Dennis"]
[Result "1-0"]
[WhiteElo "1605"]
[BlackElo "1605"]
[PlyCount "60"]
[EventDate "1992.??.??"]

1. f4 e5 2. fxe5 d6 3. Nf3 Nc6 4. exd6 Bxd6 5. e3 Bg4 6. d4 Nge7 7. Bc4 Qd7 8.
c3 Bh5 9. Nbd2 O-O-O 10. Bb5 Qe6 11. Qe2 Nb8 12. e4 Bf4 13. d5 Qd6 14. Qd3 Bxf3
15. Nxf3 Bxc1 16. Rxc1 c6 17. Bc4 Rhe8 18. e5 Qh6 19. O-O cxd5 20. Bb5 Nbc6 21.
Rfe1 Nxe5 22. Nxe5 Qb6+ 23. Kh1 Rf8 24. Nd7 Rxd7 25. Bxd7+ Kxd7 26. c4 Rc8 27.
Qh3+ Ke8 28. Qxh7 Rxc4 29. Rxc4 dxc4 30. Qxg7 Qg6 1-0

[Event "Detroit (MOR/2/104)"]
[Site "?"]
[Date "1992.??.??"]
[Round "?"]
[White "Wright, Ken"]
[Black "Radway, J."]
[Result "1-0"]
[WhiteElo "1605"]
[BlackElo "1605"]
[PlyCount "65"]
[EventDate "1992.??.??"]

{2/(104)} 1. f4 d5 2. e3 f6 3. Nf3 h5 4. c3 c6 5. Bd3 b5 6. Bg6+ Kd7 7. d4 a5
8. Qd3 e6 9. f5 exf5 10. Qxf5+ Kc7 11. Qc2 Ne7 12. Bd3 g5 13. a4 Bg7 14. axb5
Kb6 15. b4 Qd6 16. bxa5+ Rxa5 17. Rxa5 Kxa5 18. Ba3 Qe6 19. Bb4+ Kb6 20. Kd2 g4
21. Bc5+ Kc7 22. b6+ Kd7 23. Nh4 Re8 24. Bxe7 Qxe7 25. Ng6 Qxe3+ 26. Kd1 Kd6
27. Nd2 Qh6 28. Rf1 Qg5 29. Nf4 Ba6 30. c4 dxc4 31. Nxc4+ Ke7 32. Ng6+ Kf7 33.
Nd6+ 1-0